header

Studies in contemporary Jewry (Record no. 23182)

MARC details
000 -LEADER
fixed length control field 02134nam a2200457Ia 4500
245 00 - TITLE STATEMENT
Title Studies in contemporary Jewry
260 ## - PUBLICATION, DISTRIBUTION, ETC. (IMPRINT)
Place of publication New York :
Name of publisher Oxford University Press,
Year of publication 2001.
300 ## - PHYSICAL DESCRIPTION
Number of Pages xiii, 299 p.
490 1# - SERIES STATEMENT
Series statement Studies in contemporary Jewry,
500 ## - GENERAL NOTE
General note At head of title: Avraham Harman Institute of Contemporary Jewry, the Hebrew University of Jerusalem.
General note Papers presented at an annual symposium.
General note Published for the Avraham Harman Institute of Contemporary Jewry.
650 #0 - SUBJECT ADDED ENTRY--TOPICAL TERM
Topical Term Antisemitism
Topical Term Jews
Topical Term Jews
Topical Term Jews
Topical Term Jews
Topical Term Judaism
Topical Term Judaism
Topical Term Judaism
700 1# - ADDED ENTRY--PERSONAL NAME
Personal name Lederhendler, Eli.
856 40 - ELECTRONIC LOCATION AND ACCESS
Uniform Resource Identifier http://site.ebrary.com/lib/rucke/Doc?id=10269028

No items available.

© 2026 Rongo University
Contact us: librarian | system librarian | Rongo university